<?xml version="1.0" encoding="UTF-8"?>
<record
    xmlns:xsi="http://www.w3.org/2001/XMLSchema-instance"
    xsi:schemaLocation="http://www.loc.gov/MARC21/slim http://www.loc.gov/standards/marcxml/schema/MARC21slim.xsd"
    xmlns="http://www.loc.gov/MARC21/slim">

  <leader>00859cam a2200241 a 4500</leader>
  <controlfield tag="001">000012740</controlfield>
  <controlfield tag="005">20200929163050.0</controlfield>
  <controlfield tag="008">850801s1968    sp            001 0 spa  </controlfield>
  <datafield tag="035" ind1=" " ind2=" ">
    <subfield code="a">(DLC) 79215039</subfield>
  </datafield>
  <datafield tag="040" ind1=" " ind2=" ">
    <subfield code="a">DO-SdBNP</subfield>
    <subfield code="b">spa</subfield>
    <subfield code="c">CarP</subfield>
    <subfield code="d">DLC</subfield>
    <subfield code="d">BNPHU</subfield>
  </datafield>
  <datafield tag="082" ind1=" " ind2=" ">
    <subfield code="a">346.07</subfield>
    <subfield code="b">B111e, 1968</subfield>
  </datafield>
  <datafield tag="100" ind1="1" ind2=" ">
    <subfield code="a">Ba&#xF1;ales Baranda, Ramiro.</subfield>
    <subfield code="9">29508</subfield>
  </datafield>
  <datafield tag="245" ind1="1" ind2="0">
    <subfield code="a">Estructura del derecho empresarial /</subfield>
    <subfield code="c">Ramiro Ba&#xF1;ales Baranda, Jos&#xE9; Luis Fern&#xE1;dez Ruiz.</subfield>
  </datafield>
  <datafield tag="250" ind1=" " ind2=" ">
    <subfield code="a">2a ed.</subfield>
  </datafield>
  <datafield tag="260" ind1=" " ind2=" ">
    <subfield code="a">Bilb&#xE1;o, (Espa&#xF1;a) :</subfield>
    <subfield code="b">Deusto,</subfield>
    <subfield code="c">1968.</subfield>
  </datafield>
  <datafield tag="300" ind1=" " ind2=" ">
    <subfield code="a">172 p. :</subfield>
    <subfield code="b">il. ;</subfield>
    <subfield code="c">22 cm.</subfield>
  </datafield>
  <datafield tag="490" ind1="1" ind2=" ">
    <subfield code="a">Manuales pr&#xE1;cticos de gesti&#xF3;n de empresas</subfield>
  </datafield>
  <datafield tag="650" ind1=" " ind2="4">
    <subfield code="a">Derecho comercial</subfield>
    <subfield code="x">Legislacion</subfield>
    <subfield code="z">Espa&#xF1;a</subfield>
    <subfield code="9">29509</subfield>
  </datafield>
  <datafield tag="700" ind1="1" ind2=" ">
    <subfield code="a">Fernando Ruiz, Jos&#xE9; Luis.</subfield>
    <subfield code="9">29510</subfield>
  </datafield>
  <datafield tag="830" ind1=" " ind2="0">
    <subfield code="a">Manuales pr&#xE1;cticos de gesti&#xF3;n de empresas.</subfield>
    <subfield code="9">29511</subfield>
  </datafield>
  <datafield tag="910" ind1=" " ind2=" ">
    <subfield code="a">Catalogaci&#xF3;n derivada</subfield>
  </datafield>
  <datafield tag="952" ind1=" " ind2=" ">
    <subfield code="0">0</subfield>
    <subfield code="1">0</subfield>
    <subfield code="5">2</subfield>
    <subfield code="7">0</subfield>
    <subfield code="8">MO</subfield>
    <subfield code="a">GR</subfield>
    <subfield code="b">GR</subfield>
    <subfield code="c">CT</subfield>
    <subfield code="d">2009-11-16</subfield>
    <subfield code="i">LF1</subfield>
    <subfield code="l">0</subfield>
    <subfield code="o">346.07 B111e, 1968</subfield>
    <subfield code="p">12740-10</subfield>
    <subfield code="r">2020-06-25</subfield>
    <subfield code="w">2020-06-25</subfield>
    <subfield code="y">2</subfield>
    <subfield code="Z">Pr&#xE9;stamo interno</subfield>
  </datafield>
  <datafield tag="999" ind1=" " ind2=" ">
    <subfield code="a">1 </subfield>
    <subfield code="n">0000154</subfield>
    <subfield code="c">12391</subfield>
    <subfield code="d">12391</subfield>
  </datafield>
  <datafield tag="049" ind1=" " ind2=" ">
    <subfield code="a">BNGR</subfield>
  </datafield>
</record>
